书目信息 |
| 题名: |
森林动物
|
|
| 作者: | 周天福 主编 | |
| 分册: | ||
| 出版信息: | 北京 中国林业出版社 2005.08 |
|
| 页数: | 312页 | |
| 开本: | 23cm | |
| 丛书名: | ||
| 单 册: | ||
| 中图分类: | Q95 | |
| 科图分类: | ||
| 主题词: | 森林动物--sen lin dong wu--高等学校--技术学校--教材 | |
| 电子资源: | ||
| ISBN: | 7-5038-3914-7 | |
| 000 | 00854nam0 2200229 450 | |
| 001 | 012006998106 | |
| 005 | 20060914162343.78 | |
| 010 | @a7-5038-3914-7@dCNY36.00 | |
| 100 | @a20060716d2005 km y0chiy0120 ea | |
| 101 | 0 | @achi |
| 102 | @aCN@b110000 | |
| 105 | @aa z 000yy | |
| 200 | 1 | @a森林动物@Asen lin dong wu@f周天福主编@Fzhou tian fu zhu bian |
| 210 | @a北京@c中国林业出版社@d2005.08 | |
| 215 | @a312页@c图@d23cm | |
| 300 | @a高职高专森林生态旅游专业教材 | |
| 330 | @a本书主要介绍动物的形态、结构、分类、生态等动物学基本理论,森林生态环境中动物主要种类的形态特征、生态习性和在生态旅游、自然保护等方面的价值和意义,以及动物的保护与利用等方面的知识。 | |
| 606 | 0 | @a森林动物@Asen lin dong wu@x高等学校@x技术学校@j教材 |
| 690 | @aQ95@v4 | |
| 701 | 0 | @a周天福@Azhou tian fu@4主编 |
| 801 | 0 | @aCN@bpdsgxy@c20060914 |
| 905 | @apdsgxy@dQ95@eZ791 | |
| 森林动物/周天福主编.-北京:中国林业出版社,2005.08 |
| 312页:图;23cm |
| 高职高专森林生态旅游专业教材 |
| ISBN 7-5038-3914-7:CNY36.00 |
| 本书主要介绍动物的形态、结构、分类、生态等动物学基本理论,森林生态环境中动物主要种类的形态特征、生态习性和在生态旅游、自然保护等方面的价值和意义,以及动物的保护与利用等方面的知识。 |
| ● |
| 相关链接 |
|
|
|
正题名:森林动物
索取号:Q95/Z791
 
预约/预借
| 序号 | 登录号 | 条形码 | 馆藏地/架位号 | 状态 | 备注 |
| 1 | 596242 | 205962421 | 自科库401/401自科库 36排3列1层/ [索取号:Q95/Z791] | 在馆 | |
| 2 | 596243 | 205962430 | 自科库401/401自科库 36排3列1层/ [索取号:Q95/Z791] | 在馆 | |
| 3 | 596244 | 205962449 | 自科库401/401自科库 36排3列1层/ [索取号:Q95/Z791] | 在馆 |